Statistiques concernant Club de Foot que vous connaissez peux être

Cliquez ici pour prendre le quiz!

Statistiques générales

  • Ce quiz a été pris 60 fois
  • Le résultat moyen est 6 sur 17

Statistiques - réponses

Réponse% Correct
Sheriff Tiraspol
76%
BATE Borisov
75%
Partizan Belgrade
64%
Maccabi Tel-Aviv
49%
Göteborg
45%
Qarabag FK
40%
Slovan Bratislava
40%
CSKA Sofia
33%
Viking FK
29%
Univ. Craiova
18%
Flora Tallinn
16%
Dnipropetrovsk
15%
FK Jablonec
15%
NK Maribor
15%
Rijeka
15%
Dinamo Bucarest
13%
Lechia Gdansk
7%

Distribution des résultats

Percentile par nombre de réponses

% des personnes avec chaque résultat

Votre développement - résultats

Vous n’avez pas pris ce quiz